Southville International School and Colleges
Your cart is empty.
  • Cart
  • Lists
    Public lists Eva Luna New books Lux_list list_1
    Your lists Log in to create your own lists
  • Log in to your account
  • Your cookies
  • Search history
Southville International School and Colleges
  • Advanced search
  • Recent comments
  • Most popular
  • Libraries

Log in to your account

Log in with GOOGLE


If you do not have an external account, but do have a local account, you can still log in:

  1. Home
  2. MARC view: Occult science :
Normal view MARC view ISBD view

Occult science : (Record no. 8426)

[ view plain ]
MARC details
000 -LEADER
fixed length control field 00532nam a22001817a 4500
003 - CONTROL NUMBER IDENTIFIER
control field OSt
005 - DATE AND TIME OF LATEST TRANSACTION
control field 20140310182024.0
008 - FIXED-LENGTH DATA ELEMENTS--GENERAL INFORMATION
fixed length control field 130801t xxu||||| |||| 00| 0 eng d
050 ## - LIBRARY OF CONGRESS CALL NUMBER
Classification number BF 1411
Item number .St822 1979
082 ## - DEWEY DECIMAL CLASSIFICATION NUMBER
Classification number TR 133
Item number St3 1979
100 ## - MAIN ENTRY--PERSONAL NAME
Personal name Steiner, Rudolf
9 (RLIN) 1588
245 ## - TITLE STATEMENT
Title Occult science :
Remainder of title an outline /
Statement of responsibility, etc Rudolf Steiner ; translated by George and Mary Adams.
260 ## - PUBLICATION, DISTRIBUTION, ETC. (IMPRINT)
Place of publication, distribution, etc London :
Name of publisher, distributor, etc Rudolf Steiner Press,
Date of publication, distribution, etc 1979.
300 ## - PHYSICAL DESCRIPTION
Extent 350 p. ;
Dimensions 19 cm.
650 ## - SUBJECT ADDED ENTRY--TOPICAL TERM
Topical term or geographic name as entry element Occultism
9 (RLIN) 7252
942 ## - ADDED ENTRY ELEMENTS (KOHA)
Source of classification or shelving scheme Library of Congress Classification
Koha item type
Holdings
Withdrawn status Lost status Source of classification or shelving scheme Damaged status Home library Current library Shelving location Date acquired Total Checkouts Full call number Barcode Date last seen Copy number Price effective from Koha item type
    Library of Congress Classification   Luxembourg Library Luxembourg Library Teachers Reference Section 08/01/2013   BF 1411 .St822 1979 9311 05/25/2015 1 08/01/2013 Books

Occult science :

APA

Steiner R., . (1979). Occult science. London: Rudolf Steiner Press.

Chicago

Steiner Rudolf, . 1979. Occult science. London: Rudolf Steiner Press.

Harvard

Steiner R., . (1979). Occult science. London: Rudolf Steiner Press.

MLA

Steiner Rudolf, . Occult science. London: Rudolf Steiner Press. 1979.

  • Place hold
  • Print
  • Cite
  • Add to your cart (remove)
  • Save record
    BIBTEX Dublin Core MARCXML MARC (non-Unicode/MARC-8) MARC (Unicode/UTF-8) MARC (Unicode/UTF-8, Standard) MODS (XML) RIS
  • More searches
    Search for this title in:
    Other Libraries (WorldCat) Other Databases (Google Scholar) Online Stores (Bookfinder.com) Open Library (openlibrary.org)

Exporting to Dublin Core...

SOUTHVILLE LIBRARY

Southville International School and Colleges Library

1281 Tropical Ave. Cor. Luxembourg St., BF Homes International, Las Pinas City

Tel. No. 8256374 / 252358 Loc. 117/146

Powered by Koha